| 000 | 00326nam a2200121Ia 4500 | ||
|---|---|---|---|
| 008 | 150201s2010 xx 000 0 und d | ||
| 082 |
_a616 _bH010T |
||
| 100 | _aTORTORA,ESTEE | ||
| 245 | _aOXFORD HAND BOOK OF INFECTIOUS DISEASES AND MICROBIOLOGY | ||
| 260 |
_bOXFORD _aNEW YORK _c2010 |
||
| 650 | _aMICROBIOLOGY | ||
| 942 |
_2ddc _cBK |
||
| 999 |
_c815 _d815 |
||